000 00370nam a22001577a 4500
005 20180412105020.0
008 160625b xxu||||| |||| 00| 0 eng d
041 _aeng
082 _b10039
_a343.07
100 _aPillai, K.M.
_92751
245 _aLabour and Industrial law
260 _bAllahabad Law Agency
300 _a539
650 _aManagement
_9241
942 _cBK
999 _c3973
_d3972